| 000 | 00601cam a2200217 4500500 | ||
|---|---|---|---|
| 005 | 20260405003728.0 | ||
| 041 | _afre | ||
| 042 | _adc | ||
| 100 | 1 | 0 |
_aNathan, Tobie _eauthor |
| 245 | 0 | 0 | _aBarbecue. Les guerres du feu |
| 260 | _c2023. | ||
| 500 | _a43 | ||
| 690 | _aBarbecue | ||
| 690 | _aCuit | ||
| 690 | _aFeu | ||
| 690 | _aHomme/Femme | ||
| 690 | _aTobie Nathan | ||
| 690 | _aViande | ||
| 786 | 0 | _nPhilosophie magazine | 171 | 8 | 2023-07-01 | p. 18-18 | 1951-1787 | |
| 856 | 4 | 1 | _uhttps://shs.cairn.info/magazine-philosophie-magazine-2023-8-page-18?lang=fr&redirect-ssocas=7080 |
| 999 |
_c2070265 _d2070265 |
||